000 00393 a2200157 4500
001 75282
020 _a8508064098
040 _cAnchieta - Colégio São Paulo
100 _aGonzaga, Tomás Antônio
240 1 0 _aMarília de Dirceu e cartas chilenas
_lpor
245 1 0 _aMarília de Dirceu e cartas chilenas
300 _a176
362 0 _a1998
650 4 _aPoesia brasileira
942 _cBK
999 _c75282
_d75282